| 000 | 00000cas 2200000zi 4500 |
| 001 | 9.946691 |
| 003 | CaOODSP |
| 005 | 20251219125911 |
| 006 | m o d f |
| 007 | cr cn |||||||| |
| 008 | 250109c20249999qucar p o f0### 0fre d |
| 040 | |aCaOODSP|bfre|erda|cCaOODSP |
| 043 | |an-cn--- |
| 086 | 1 |aNM21-8F-PDF |
| 110 | 2 |aMusée canadien de l'histoire.|eauteur, |eorganisme de publication. |
| 240 | 10|aInfo source (2024) |
| 245 | 10|aInfo source : |bsources de renseignements du gouvernement fédéral et du personnel. |
| 246 | 30|aSources de renseignements du gouvernement fédéral et du personnel |
| 264 | 1|aGatineau (Québec) : |bMusée canadien de l'histoire = Canadian Museum of History ; |aOttawa (Ontario) : |bMusée canadien de la guerre = Canadian War Museum, |c[2024]- |
| 310 | |aAnnuel |
| 336 | |atexte|btxt|2rdacontent/fre |
| 337 | |ainformatique|bc|2rdamedia/fre |
| 338 | |aressource en ligne|bcr|2rdacarrier/fre |
| 362 | 1 |aParaît depuis : 2024. |
| 500 | |aPublié aussi en anglais sous le titre : Info source : sources of federal government and employee information. |
| 588 | |aDescription d'après : 2024; titre de la page couverture du fichier PDF. |
| 588 | |aDernière livraison consultée : 2025. |
| 610 | 26|aMusée canadien de l'histoire|vPériodiques. |
| 610 | 26|aMusée canadien de la guerre|vPériodiques. |
| 650 | 6|aInformation sur l'État|zCanada|vPériodiques. |
| 650 | 6|aArchives publiques|xAccès|xContrôle|zCanada|vPériodiques. |
| 655 | 7|aPériodiques|2rvmgf |
| 710 | 2 |aMusée canadien de la guerre, |eauteur, |eorganisme de publication. |
| 775 | 08|tInfo source : |w(CaOODSP)9.946692 |
| 780 | 00|tRenseignements sur les programmes et les fonds de renseignements : |w(CaOODSP)9.931284 |